<?xml version="1.0" encoding="UTF-8"?>
<record
    xmlns:xsi="http://www.w3.org/2001/XMLSchema-instance"
    xsi:schemaLocation="http://www.loc.gov/MARC21/slim http://www.loc.gov/standards/marcxml/schema/MARC21slim.xsd"
    xmlns="http://www.loc.gov/MARC21/slim">

  <leader>04323nam a2200493 i 4500</leader>
  <controlfield tag="001">193500</controlfield>
  <controlfield tag="003">SpMaBN</controlfield>
  <controlfield tag="005">20250709180449.0</controlfield>
  <controlfield tag="007">ta</controlfield>
  <controlfield tag="008">240103s2022    sp a   | |||| 000 0dspa  </controlfield>
  <datafield tag="017" ind1=" " ind2=" ">
    <subfield code="a">M 23169-2022</subfield>
    <subfield code="b">Oficina Dep&#xF3;sito Legal Madrid</subfield>
  </datafield>
  <datafield tag="020" ind1=" " ind2=" ">
    <subfield code="a">9788417547912</subfield>
  </datafield>
  <datafield tag="035" ind1=" " ind2=" ">
    <subfield code="a">a7191985</subfield>
  </datafield>
  <datafield tag="040" ind1=" " ind2=" ">
    <subfield code="a">SpMaBN</subfield>
    <subfield code="b">spa</subfield>
    <subfield code="c">SpMaBN</subfield>
    <subfield code="e">rda</subfield>
    <subfield code="d">ES-MaACL</subfield>
  </datafield>
  <datafield tag="080" ind1=" " ind2=" ">
    <subfield code="a">55/59-051 Chapman, Abel</subfield>
  </datafield>
  <datafield tag="080" ind1=" " ind2=" ">
    <subfield code="a">55/59-051 Buck, Walter J.</subfield>
  </datafield>
  <datafield tag="080" ind1=" " ind2=" ">
    <subfield code="a">55/59-051 Riddell, W. H.</subfield>
  </datafield>
  <datafield tag="080" ind1=" " ind2=" ">
    <subfield code="a">502.52(460.353/.354 Do&#xF1;ana)(091)</subfield>
  </datafield>
  <datafield tag="100" ind1="1" ind2=" ">
    <subfield code="a">Boh&#xF3;rquez, Jaime,</subfield>
    <subfield code="d">1963-</subfield>
    <subfield code="9">234806</subfield>
  </datafield>
  <datafield tag="245" ind1="1" ind2="4">
    <subfield code="a">Los pioneros de Do&#xF1;ana (1872-1959) /</subfield>
    <subfield code="c">Jaime Boh&#xF3;rquez</subfield>
  </datafield>
  <datafield tag="246" ind1="0" ind2=" ">
    <subfield code="i">Subt&#xED;tulo de la cubierta :</subfield>
    <subfield code="a">La deliciosa y salvaje historia de los naturalistas Abel Chapman, Walter J. Buck y William H. Riddell en los albores de la historia de Do&#xF1;ana, en una fabulosa Espa&#xF1;a, agreste e inexplorada</subfield>
  </datafield>
  <datafield tag="250" ind1=" " ind2=" ">
    <subfield code="a">Primera edici&#xF3;n: noviembre de 2022</subfield>
  </datafield>
  <datafield tag="264" ind1=" " ind2="1">
    <subfield code="a">[C&#xF3;rdoba] :</subfield>
    <subfield code="b">Guadalmaz&#xE1;n,</subfield>
    <subfield code="c">[2022]</subfield>
  </datafield>
  <datafield tag="264" ind1=" " ind2="4">
    <subfield code="c">&#xA9;2022</subfield>
  </datafield>
  <datafield tag="300" ind1=" " ind2=" ">
    <subfield code="a">169 p&#xE1;ginas, 16 p&#xE1;ginas de l&#xE1;minas sin numerar :</subfield>
    <subfield code="b">ilustraciones (blanco y negro y color) ;</subfield>
    <subfield code="c">23 cm</subfield>
  </datafield>
  <datafield tag="336" ind1=" " ind2=" ">
    <subfield code="a">Texto</subfield>
    <subfield code="a">Imagen fija</subfield>
    <subfield code="2">rdacontent</subfield>
  </datafield>
  <datafield tag="337" ind1=" " ind2=" ">
    <subfield code="a">sin mediaci&#xF3;n</subfield>
    <subfield code="2">rdamedia</subfield>
  </datafield>
  <datafield tag="338" ind1=" " ind2=" ">
    <subfield code="a">volumen</subfield>
    <subfield code="2">rdacarrier</subfield>
  </datafield>
  <datafield tag="490" ind1="1" ind2=" ">
    <subfield code="a">Colecci&#xF3;n Divulgaci&#xF3;n cient&#xED;fica</subfield>
  </datafield>
  <datafield tag="500" ind1=" " ind2=" ">
    <subfield code="a">Hoy todos conocemos Do&#xF1;ana, un paraje natural protegido e inabarcable a la escala humana, donde cientos de especies de todos los &#xF3;rdenes imaginables desarrollan su vida. Pero muy pocos han o&#xED;do hablar de la azarosa historia de los naturalistas Chapman, Buck y Riddell, tres aventureros ingleses que cambiaron la historia del Coto y fueron una pieza clave en su conservaci&#xF3;n. Este libro cuenta esta maravillosa y desconocida historia, la de unos hombres frente a un desierto y para&#xED;so, un vergel y un p&#xE1;ramo, frente a Do&#xF1;ana en una Espa&#xF1;a agreste e ind&#xF3;mita. &#xAB;Cientos de aves se levantan a nuestro paso. No cabe imaginar un espect&#xE1;culo m&#xE1;s hermoso. Patos reales, rabudos, porrones, cercetas, malvas&#xED;as, cig&#xFC;e&#xF1;uelas, garzas, garcetas, garcillas cangrejeras, avocetas, esp&#xE1;tulas, fochas, zampullines, fumareles, charrancitos, chorlitos, correlimos, canasteras, archibebes... Entre todas es el flamenco la que m&#xE1;s nos cautiva. Tomo apuntes del natural para despu&#xE9;s dibujarlos con detalle. La exuberante fauna esconde una dureza sin igual&#xBB;. &#xAB;Es necesario acercar la belleza, pero tambi&#xE9;n la fragilidad de la naturaleza, al p&#xFA;blico general. El ameno relato de Jaime Boh&#xF3;rquez sobre las aventuras de Chapman, Buck y Riddell en la Espa&#xF1;a agreste e inexplorada, contribuye de forma oportuna e inigualable a recordar el origen del descubrimiento de Do&#xF1;ana y los avatares hist&#xF3;ricos que llevaron a convertirlo en un enclave considerado Patrimonio de la Humanidad&#xBB;. Rafael Zardoya, director mncn-csic &#xAB;Siglos de civilizaci&#xF3;n fueron alejando a los humanos de lo salvaje, lo agreste, lo inexplorado. Ese alejamiento parece consumarse a la altura del siglo xix, fascinado por una idea de progreso que se asocia a la m&#xE1;quina, la industria y la metr&#xF3;polis. Justo entonces algunos visionarios redescubren el valor de la naturaleza silvestre no como espacio irredento, pendiente de ser transformado y aprovechado, sino, muy al contrario, como lugar de redenci&#xF3;n. Como un &#xFA;ltimo reducto de espontaneidad y libertad, en el que los humanos civilizados pueden reencontrar el paisaje del que surgieron nuestros antepasados&#xBB;. Santos Casado, Departamento de Ecolog&#xED;a, uam</subfield>
  </datafield>
  <datafield tag="504" ind1=" " ind2=" ">
    <subfield code="a">Bibliograf&#xED;a: p&#xE1;gina 169</subfield>
  </datafield>
  <datafield tag="600" ind1="0" ind2="4">
    <subfield code="a">Chapman, Abel</subfield>
    <subfield code="9">38025</subfield>
  </datafield>
  <datafield tag="600" ind1="0" ind2="4">
    <subfield code="a">Buck, Walter J.</subfield>
    <subfield code="9">32317</subfield>
  </datafield>
  <datafield tag="600" ind1="1" ind2="7">
    <subfield code="a">Riddell, W. H.,</subfield>
    <subfield code="d">1880-1946</subfield>
    <subfield code="9">234807</subfield>
  </datafield>
  <datafield tag="610" ind1="2" ind2="7">
    <subfield code="a">Parque Nacional de Do&#xF1;ana</subfield>
    <subfield code="x">Historia</subfield>
    <subfield code="9">143528</subfield>
  </datafield>
  <datafield tag="830" ind1=" " ind2=" ">
    <subfield code="a">Colecci&#xF3;n Divulgaci&#xF3;n cient&#xED;fica</subfield>
    <subfield code="9">234808</subfield>
  </datafield>
  <datafield tag="852" ind1=" " ind2=" ">
    <subfield code="a">ES-MaACL</subfield>
    <subfield code="b">R.154872</subfield>
    <subfield code="c">DEPOJ</subfield>
    <subfield code="9">200980</subfield>
    <subfield code="j">N-9647</subfield>
    <subfield code="h">Donaci&#xF3;n: Jaime Boh&#xF3;rquez</subfield>
    <subfield code="g">Dedicatoria aut&#xF3;grafa del autor</subfield>
    <subfield code="x">Encuadernaci&#xF3;n r&#xFA;stica con solapas</subfield>
  </datafield>
  <datafield tag="903" ind1=" " ind2=" ">
    <subfield code="9">234806</subfield>
    <subfield code="a">Boh&#xF3;rquez, Jaime,</subfield>
    <subfield code="d">1963-</subfield>
    <subfield code="e">dnr</subfield>
  </datafield>
  <datafield tag="942" ind1=" " ind2=" ">
    <subfield code="n">0</subfield>
    <subfield code="c">MONOGRAFIA</subfield>
  </datafield>
  <datafield tag="999" ind1=" " ind2=" ">
    <subfield code="c">193500</subfield>
    <subfield code="d">193500</subfield>
  </datafield>
  <datafield tag="952" ind1=" " ind2=" ">
    <subfield code="0">0</subfield>
    <subfield code="1">0</subfield>
    <subfield code="2">udc</subfield>
    <subfield code="4">0</subfield>
    <subfield code="7">0</subfield>
    <subfield code="8">Librosdedicados</subfield>
    <subfield code="a">ATENEOM</subfield>
    <subfield code="b">ATENEOM</subfield>
    <subfield code="c">DEPOJ</subfield>
    <subfield code="d">2023-11-27</subfield>
    <subfield code="e">DONACION</subfield>
    <subfield code="l">0</subfield>
    <subfield code="o">N-9647</subfield>
    <subfield code="p">101206260</subfield>
    <subfield code="r">2024-01-03 00:00:00</subfield>
    <subfield code="w">2024-01-03</subfield>
    <subfield code="y">MONOGRAFIA</subfield>
    <subfield code="z">Dedicatoria aut&#xF3;grafa del autor</subfield>
  </datafield>
</record>
